Tous les Districts/Alyiwa (SDN) de Jordanie sur une Carte - Statistiques

Statistiques générales
  • Ce quiz a été pris 12 fois
  • Le résultat moyen est 3 sur 53
Réponses sur la Carte
Les réponses sont colorées sur une échelle allant du rouge au vert en fonction du pourcentage des utilisateurs qui les ont devinées à leur premier essai. Vous pouvez retrouver ces pourcentages ci-dessous.
 
Statistiques - réponses
HINT ANSWER % Correct
Amman Gouvernorat Amman
100%
Irbid Gouvernorat Irbid
45%
Ma'an Gouvernorat Ma'an
45%
Ajlun Gouvernorat Ajlun
36%
Madaba Gouvernorat Madaba
36%
Jerash Gouvernorat Jerash
27%
Aqaba Gouvernorat Al-Aqaba
9%
Balqa Gouvernorat Al-Balqa
9%
Karak Gouvernorat Al-Karak
9%
Mafraq Gouvernorat Al-Mafraq
9%
Tafilah Gouvernorat Al-Tafila
9%
Irbid Gouvernorat Al-Aghwar Shamaliyyeh
0%
Zarqa Gouvernorat Al-Azraq
0%
Tafilah Gouvernorat Al-Hasa
0%
Ma'an Gouvernorat Al-Husanyniyya
0%
Amman Gouvernorat Al-Jiza
0%
Karak Gouvernorat Al-Mazar al-Janubiyya
0%
Karak Gouvernorat Al-Mazra'a
0%
Amman Gouvernorat Al-Muwwaqqar
0%
Karak Gouvernorat Al-Qasr
0%
Amman Gouvernorat Al-Quesmah
0%
Aqaba Gouvernorat Al-Quwayra
0%
Karak Gouvernorat Al-Safi
0%
Balqa Gouvernorat Ardhah
0%
Irbid Gouvernorat Ar Ramtha
0%
Mafraq Gouvernorat Ar-Ruwayshid
0%
Ma'an Gouvernorat Ash-Shibek
0%
Balqa Gouvernorat As-Salt
0%
Ma'an Gouvernorat Ayi
0%
Karak Gouvernorat Ayy
0%
Zarqa Gouvernorat Az-Zarqa
0%
Mafraq Gouvernorat Bal'ama
0%
Irbid Gouvernorat Bani Knana
0%
Zarqa Gouvernorat Birin
0%
Tafilah Gouvernorat Birsayra
0%
Balqa Gouvernorat Dair Alla
0%
Madaba Gouvernorat Dhiban
0%
Karak Gouvernorat Faqqu
0%
Irbid Gouvernorat Hariema
0%
Ajlun Gouvernorat Kofranjah
0%
Irbid Gouvernorat Kora
0%
Irbid Gouvernorat Mazar Shamaliyyeh
0%
Amman Gouvernorat Na'oor
0%
Mafraq Gouvernorat Sabha
0%
Amman Gouvernorat Sahab
0%
Mafraq Gouvernorat Sama as-Sarhan
0%
Balqa Gouvernorat Shuna al-Janubiyya
0%
Irbid Gouvernorat Tayybeh
0%
Amman Gouvernorat Um al-Basatin
0%
Amman Gouvernorat Wadi al-Sayr
0%
Aqaba Gouvernorat Wadi Araba
0%
Ma'an Gouvernorat Wadi Musa
0%
Irbid Gouvernorat Wastiyyeh
0%
Aucun quiz correspondant
Distribution des résultats
% des personnes avec chaque résultat
Percentile par nombre de réponses
Votre historique - résultats
Vous n’avez pas pris ce quiz